000 00611nam a22002297a 4500
003 UA-OsUOA
001 25185
007 ta
008 20040322b un ||||| |||| 00| 0 ukr d
100 _aЖулинський Николай
090 _a82
_bЖ87
942 _cSA
040 _aUA-OsUOA
_brus
_cUA-OsUOA
_dUA-OsUOA
245 _aДве половинки украинского сердца: Шевченко и Гоголь
300 _aС.7
955 _a0
041 _arus
080 _a82
044 _aUA
773 0 _w0
_tДень
_dК.
_d2004
_g6 марта
650 7 _aЛітература
_2UDC
999 _c311477
_d311477